¿ Por qué los partidos argentinos sobreviven a sus catástrofes ? /

Zapisane w:
Opis bibliograficzny
1. autor: Malamud, Andrés
Format: Texto
Hasła przedmiotowe:
Etykiety: Dodaj etykietę
Nie ma etykietki, Dołącz pierwszą etykiete!

MARC

LEADER 00000 a a2200000 04500
001 8625
003
040
100 |a Malamud, Andrés  
245 |a ¿ Por qué los partidos argentinos sobreviven a sus catástrofes ? /  |c Andrés Malamud 
650 |a ASPECTOS POLITICOS  
650 |a POLITICA  
650 |a PARTIDOS POLITICOS  
650 |a CRISIS POLITICA  
650 |a POLITICAS SOCIALES  
650 |a ARGENTINA  
773 |g volumen 8, número 32; páginas 158-165  
999 |c 37088  |d 37088